| 000 | ncm a22 a 4500 | ||
|---|---|---|---|
| 999 |
_c352937 _d352937 |
||
| 003 | BLK | ||
| 005 | 20200409121349.0 | ||
| 008 | 180414b bul |a|er|||| |0| c|bulo| | ||
| 010 | _aNOT00002565000 | ||
| 040 | _aBLK | ||
| 041 |
_aRUS _cRUS |
||
| 080 |
_aКонцерт за фагот и оркестър _b785.6:788.8 _x785.6:788.8 |
||
| 100 | 1 |
_943609 _aБуамортье, Жозеф Боден де _eпърви автор |
|
| 139 |
_aБуамортье, Жозеф Боден де _bБ 84 |
||
| 245 | 1 | 0 |
_aКонцерт для фагота с оркестром _cЖозеф Боден де Буамортье |
| 254 | _aКлавир+щим | ||
| 257 | _aRUS | ||
| 260 |
_bМузыка 13724 _c1980 |
||
| 300 |
_a48 с. _c29 см |
||
| 380 | _a7 | ||
| 650 | 7 |
_aФагот _9175128 |
|
| 653 | 7 |
_aоркестри _9192953 |
|
| 852 |
_aЦб М ІІ 8681 _bЦб |
||
| 856 | 4 |
_qpdf _u |
|
| 856 | 4 |
_qpdf _u |
|
| 942 |
_cNOT _n0 _s1 |
||
| 944 |
_aCR _c2020-04-09 _kВ. Т. |
||
| 999 | _d352931 | ||
| 999 | _d349636 | ||
| 999 | _d349636 | ||
| 999 | _d312534 | ||